[Event "Lagan Spring IM"]
[Site "Lagan"]
[Date "2019.04.03"]
[Round "5"]
[White "Erendzhenov, Stanislav"]
[Black "Plokhotniuk, Vladimir"]
[Result "1/2-1/2"]
[WhiteElo "2225"]
[BlackElo "2380"]
[PlyCount "26"]
[EventDate "2019.04.01"]
[EventType "tourn"]
[EventRounds "9"]
[EventCountry "RUS"]
[EventCategory "2"]
[SourceTitle "CBM 189 Extra"]
[Source "ChessBase"]
[SourceDate "2019.06.03"]
[SourceVersion "1"]
[SourceVersionDate "2019.06.03"]
[SourceQuality "1"]

1. d4 Nf6 2. c4 e6 3. Nc3 d5 4. Bg5 Be7 5. Nf3 0-0 6. e3 h6 7. Bh4 Ne4 8. Bxe7 Qxe7 9. Bd3 Nxc3 10. bxc3 dxc4 11. Bxc4 b6 12. 0-0 Bb7 13. Qe2 c5 1/2-1/2

[Event "Lagan Spring IM"]
[Site "Lagan"]
[Date "2019.04.01"]
[Round "1"]
[White "Smagliev, Aleksandr"]
[Black "Erendzhenov, Stanislav"]
[Result "1-0"]
[WhiteElo "2338"]
[BlackElo "2225"]
[PlyCount "89"]
[EventDate "2019.04.01"]
[EventType "tourn"]
[EventRounds "9"]
[EventCountry "RUS"]
[EventCategory "2"]
[SourceTitle "CBM 189 Extra"]
[Source "ChessBase"]
[SourceDate "2019.06.03"]
[SourceVersion "1"]
[SourceVersionDate "2019.06.03"]
[SourceQuality "1"]

1. e4 c5 2. c3 b6 3. d4 Bb7 4. Bd3 Nf6 5. Nd2 cxd4 6. cxd4 Nc6 7. Ne2 Nb4 8. Bb1 e6 9. Nc3 Ba6 10. Nf3 Rc8 11. a3 Nc6 12. e5 Nd5 13. Nxd5 exd5 14. Bd3 Bxd3 15. Qxd3 Be7 16. 0-0 0-0 17. Qb5 d6 18. Rd1 Na5 19. b3 a6 20. Qd3 Qc7 21. Bf4 dxe5 22. Rac1 Qd7 23. Rxc8 Rxc8 24. dxe5 Bxa3 25. Qxa6 Bc5 26. Rxd5 Qxd5 27. Qxc8+ Bf8 28. h4 Nxb3 29. Bg5 Qe6 30. Qb8 Nc5 31. Nd4 Qd5 32. Nf5 Qd1+ 33. Kh2 Ne6 34. Ne7+ Kh8 35. Qe8 h6 36. Qxf7 Bxe7 37. Qxe6 Bxg5 38. Qe8+ Kh7 39. hxg5 hxg5 40. e6 g4 41. e7 Qd6+ 42. g3 Qh6+ 43. Kg1 Qc1+ 44. Kg2 Qc5 45. Qd7 1-0

[Event "Gorodovikovsk Bashanta"]
[Site "Gorodovikovsk"]
[Date "2016.??.??"]
[Round "4"]
[White "Erendzhenov, Stanislav"]
[Black "Begjanyan, Hrayr"]
[Result "1/2-1/2"]
[WhiteElo "2253"]
[BlackElo "2099"]
[PlyCount "76"]
[EventDate "2016.03.15"]
[EventType "tourn"]
[EventRounds "14"]
[EventCountry "RUS"]
[EventCategory "3"]
[SourceTitle "CBM 171 Extra"]
[Source "ChessBase"]
[SourceDate "2016.04.26"]
[SourceVersion "1"]
[SourceVersionDate "2016.04.26"]
[SourceQuality "1"]

1. e4 e6 2. d4 d5 3. Nd2 Nf6 4. exd5 exd5 5. Bd3 c5 6. Ngf3 Nc6 7. 0-0 c4 8. Re1+ Be7 9. Bf1 0-0 10. b3 c3 11. Nb1 Ne4 12. Re3 Bb4 13. a3 Ba5 14. h3 Qf6 15. Bb5 Bf5 16. a4 Bb6 17. Bxc6 Qxc6 18. a5 Bc7 19. b4 Qg6 20. Kf1 Nxf2 21. Kxf2 Bg3+ 22. Kf1 Bxc2 23. Qe2 Bxb1 24. Rxc3 Rac8 25. Raa3 Bd3 26. Rxd3 Rxc1+ 27. Rd1 Rfc8 28. Rad3 h6 29. Ne5 Qg5 30. Nf3 Qf5 31. R3d2 Qb1 32. Qd3 Rxd1+ 33. Rxd1 Qa2 34. Nd2 Qa4 35. Qb3 Qxb3 36. Nxb3 a6 37. Nc5 h5 38. Rd3 Bh4 1/2-1/2

[Event "Gorodovikovsk Bashanta"]
[Site "Gorodovikovsk"]
[Date "2016.??.??"]
[Round "5"]
[White "Lingur, Zalina"]
[Black "Erendzhenov, Stanislav"]
[Result "1/2-1/2"]
[WhiteElo "2099"]
[BlackElo "2253"]
[PlyCount "74"]
[EventDate "2016.03.15"]
[EventType "tourn"]
[EventRounds "14"]
[EventCountry "RUS"]
[EventCategory "3"]
[SourceTitle "CBM 171 Extra"]
[Source "ChessBase"]
[SourceDate "2016.04.26"]
[SourceVersion "1"]
[SourceVersionDate "2016.04.26"]
[SourceQuality "1"]

1. e4 e6 2. d4 d5 3. Nd2 Nc6 4. Ngf3 Nf6 5. e5 Nd7 6. Be2 f6 7. exf6 Qxf6 8. Nf1 b6 9. Ng3 Bb7 10. 0-0 Bd6 11. Bd3 e5 12. Nh5 Qe7 13. dxe5 Ncxe5 14. Nxe5 Bxe5 15. Bb5 c6 16. f4 0-0 17. fxe5 Qc5+ 18. Kh1 Qxb5 19. Rxf8+ Rxf8 20. Be3 Nxe5 21. Bd4 Rf5 22. g4 Rg5 23. h4 Rxg4 24. Bxe5 Rxh4+ 25. Kg2 d4 26. Kg3 Re4 27. Bf4 Qe2 28. Qxe2 Rxe2 29. Rf1 c5 30. Rf2 Re1 31. Bd6 Re8 32. Bf4 Bd5 33. Bh6 Bxa2 34. Bxg7 Re3+ 35. Kh4 Bf7 36. Bh6 Re5 37. Nf4 a5 1/2-1/2

[Event "Gorodovikovsk Bashanta"]
[Site "Gorodovikovsk"]
[Date "2016.??.??"]
[Round "7"]
[White "Serodedenko, Dmitry"]
[Black "Erendzhenov, Stanislav"]
[Result "0-1"]
[WhiteElo "2311"]
[BlackElo "2253"]
[PlyCount "76"]
[EventDate "2016.03.15"]
[EventType "tourn"]
[EventRounds "14"]
[EventCountry "RUS"]
[EventCategory "3"]
[SourceTitle "CBM 171 Extra"]
[Source "ChessBase"]
[SourceDate "2016.04.26"]
[SourceVersion "1"]
[SourceVersionDate "2016.04.26"]
[SourceQuality "1"]

1. d4 d5 2. c4 e6 3. Nc3 Nf6 4. Nf3 dxc4 5. e4 Bb4 6. Bg5 c5 7. Bxc4 cxd4 8. Nxd4 Bxc3+ 9. bxc3 Qa5 10. Bxf6 Qxc3+ 11. Qd2 Qxd2+ 12. Kxd2 gxf6 13. Nb5 Na6 14. Nd6+ Ke7 15. Nxc8+ Rhxc8 16. Bxa6 bxa6 17. Rac1 Kd6 18. f4 Rxc1 19. Rxc1 Rb8 20. Rc2 Rb4 21. Kd3 Ra4 22. g3 h5 23. Ke3 Ra3+ 24. Kd4 e5+ 25. fxe5+ fxe5+ 26. Kc4 Re3 27. Rd2+ Ke6 28. Rb2 Rxe4+ 29. Kc3 Ra4 30. Rb7 Ra3+ 31. Kc4 Rxa2 32. Rxa7 Rxh2 33. Rxa6+ Kf5 34. Rh6 Kg4 35. Rh8 Rd2 36. Rg8+ Kf5 37. Kc3 Rd7 38. Rg7 e4 0-1

[Event "Elista"]
[Site "Elista"]
[Date "2014.02.??"]
[Round "7"]
[White "Erendzhenov, Stanislav"]
[Black "Soshnikov, Mikhail"]
[Result "1/2-1/2"]
[WhiteElo "2255"]
[BlackElo "2255"]
[PlyCount "30"]
[EventDate "2014.02.??"]
[EventType "tourn"]
[EventRounds "10"]
[EventCountry "RUS"]
[SourceTitle "EXT 2016"]
[Source "ChessBase"]
[SourceDate "2015.10.08"]
[SourceVersion "1"]
[SourceVersionDate "2015.10.08"]
[SourceQuality "1"]

1. d4 d5 2. c4 c6 3. Nc3 Nf6 4. cxd5 cxd5 5. Bf4 Nc6 6. Nf3 a6 7. e3 e6 8. Bd3 Bd6 9. Bg3 0-0 10. 0-0 Bxg3 11. hxg3 Qd6 12. Rc1 b5 13. Qe2 Bb7 14. a3 Rad8 15. Rc2 e5 1/2-1/2

[Event "Elista"]
[Site "Elista"]
[Date "2014.02.??"]
[Round "8"]
[White "Gutsko, Nikolai"]
[Black "Erendzhenov, Stanislav"]
[Result "1/2-1/2"]
[WhiteElo "2206"]
[BlackElo "2255"]
[PlyCount "27"]
[EventDate "2014.02.??"]
[EventType "tourn"]
[EventRounds "10"]
[EventCountry "RUS"]
[SourceTitle "EXT 2016"]
[Source "ChessBase"]
[SourceDate "2015.10.08"]
[SourceVersion "1"]
[SourceVersionDate "2015.10.08"]
[SourceQuality "1"]

1. d4 d5 2. c4 e6 3. Nc3 Be7 4. Nf3 Nf6 5. Bf4 0-0 6. e3 Bd6 7. Bxd6 Qxd6 8. Be2 c6 9. 0-0 Nbd7 10. Qc2 dxc4 11. Bxc4 e5 12. dxe5 Nxe5 13. Nxe5 Qxe5 14. Be2 1/2-1/2

[Event "Elista"]
[Site "Elista"]
[Date "2014.02.??"]
[Round "10"]
[White "Lingur, Zalina"]
[Black "Erendzhenov, Stanislav"]
[Result "0-1"]
[WhiteElo "2007"]
[BlackElo "2255"]
[PlyCount "66"]
[EventDate "2014.02.??"]
[EventType "tourn"]
[EventRounds "10"]
[EventCountry "RUS"]
[SourceTitle "EXT 2016"]
[Source "ChessBase"]
[SourceDate "2015.10.08"]
[SourceVersion "1"]
[SourceVersionDate "2015.10.08"]
[SourceQuality "1"]

1. e4 c5 2. Nf3 d6 3. d4 cxd4 4. Nxd4 Nf6 5. Nc3 g6 6. Be3 Bg7 7. f3 a6 8. Qd2 h5 9. Be2 b5 10. 0-0-0 Bb7 11. Kb1 Nbd7 12. f4 b4 13. Na4 Nxe4 14. Qxb4 Rb8 15. Qe1 e5 16. Nb3 0-0 17. f5 gxf5 18. Bxh5 Qc7 19. Rf1 f4 20. Bc1 Rfc8 21. Nc3 Nxc3+ 22. bxc3 a5 23. Rd3 Nf6 24. Qh4 a4 25. Bxf4 axb3 26. axb3 exf4 27. Rxf4 Nxh5 28. Qxh5 Re8 29. Kb2 Be4 30. Rg3 Bg6 31. Qg4 Re5 32. h4 Rc5 33. Rff3 Ra8 0-1

[Event "Komsomolsky Rating op"]
[Site "Komsomolsky"]
[Date "2011.10.01"]
[Round "4"]
[White "Erendzhenov, Stanislav"]
[Black "Shindaev, Vadim"]
[Result "0-1"]
[WhiteElo "2269"]
[BlackElo "2058"]
[PlyCount "84"]
[EventDate "2011.09.30"]
[EventType "swiss"]
[EventRounds "7"]
[EventCountry "RUS"]
[SourceTitle "EXT 2023"]
[Source "ChessBase"]
[SourceDate "2022.10.05"]
[SourceVersion "1"]
[SourceVersionDate "2022.10.05"]
[SourceQuality "1"]

1. d4 d5 2. Nf3 Nf6 3. c4 c6 4. g3 Bf5 5. Bg2 e6 6. 0-0 Be7 7. Nh4 Be4 8. f3 Bxb1 9. Rxb1 dxc4 10. f4 Nbd7 11. e4 0-0 12. Qe2 b5 13. Be3 Rc8 14. Rbd1 Qa5 15. f5 e5 16. d5 Bc5 17. Bxc5 Nxc5 18. g4 h6 19. Kh1 cxd5 20. exd5 e4 21. Rd4 Rfd8 22. d6 Qb6 23. Qd2 Nd3 24. Rxe4 Nxe4 25. Bxe4 Rxd6 26. f6 Rxf6 27. Nf5 Re8 28. g5 Rxf5 29. Bxf5 Qc6+ 30. Kg1 Qc5+ 31. Kg2 hxg5 32. Qxg5 Re2+ 33. Kf3 Rf2+ 34. Rxf2 Qxf2+ 35. Ke4 Qe2+ 36. Kd5 Qe5+ 37. Kc6 Qc5+ 38. Kb7 g6 39. Qd8+ Qf8 40. Qxf8+ Kxf8 41. Bg4 Nxb2 42. Bf3 c3 0-1

[Event "Nevinnomyssk Rating 5th"]
[Site "Nevinnomyssk"]
[Date "2010.09.??"]
[Round "1"]
[White "Erendzhenov, Stanislav"]
[Black "Karpsatov, Ksenofont"]
[Result "1-0"]
[WhiteElo "2280"]
[BlackElo "2123"]
[PlyCount "35"]
[EventDate "2010.09.29"]
[EventType "swiss"]
[EventRounds "9"]
[EventCountry "RUS"]
[SourceTitle "EXT 2013"]
[Source "ChessBase"]
[SourceDate "2012.11.22"]
[SourceVersion "1"]
[SourceVersionDate "2012.11.22"]
[SourceQuality "1"]

1. e4 e5 2. Qf3 Nc6 3. Bc4 Nf6 4. Ne2 Bc5 5. Nbc3 0-0 6. d3 h6 7. h3 a6 8. g4 Nd4 9. Nxd4 exd4 10. Ne2 Ne8 11. Bd2 d6 12. h4 g6 13. Bxh6 Ng7 14. Bg5 Qe8 15. h5 Be6 16. h6 Bxc4 17. hxg7 Kxg7 18. Bf6+ 1-0

[Event "Nevinnomyssk Rating 5th"]
[Site "Nevinnomyssk"]
[Date "2010.09.??"]
[Round "6"]
[White "Erendzhenov, Stanislav"]
[Black "Steyn, Valery"]
[Result "1/2-1/2"]
[WhiteElo "2280"]
[BlackElo "2151"]
[PlyCount "90"]
[EventDate "2010.09.29"]
[EventType "swiss"]
[EventRounds "9"]
[EventCountry "RUS"]
[SourceTitle "EXT 2013"]
[Source "ChessBase"]
[SourceDate "2012.11.22"]
[SourceVersion "1"]
[SourceVersionDate "2012.11.22"]
[SourceQuality "1"]

1. d4 g6 2. e4 Bg7 3. c4 d6 4. Nc3 Nc6 5. d5 Nb8 6. Nf3 Nf6 7. Be2 0-0 8. 0-0 e6 9. Bg5 c5 10. Re1 h6 11. Bh4 e5 12. Nd2 Nbd7 13. Rb1 a5 14. a3 Qe7 15. b4 axb4 16. axb4 cxb4 17. Rxb4 g5 18. Bg3 Nc5 19. Nb5 Nfxe4 20. Nxe4 Nxe4 21. Bd3 Nc5 22. f4 gxf4 23. Bxf4 Bd7 24. Qd2 Bxb5 25. Rxb5 Qf6 26. Be3 Nxd3 27. Qxd3 Ra2 28. Rxb7 Re8 29. Rf1 e4 30. Qb3 Ra1 31. Rxa1 Qxa1+ 32. Qb1 Qc3 33. Qc1 Rc8 34. Qxc3 Bxc3 35. c5 dxc5 36. d6 Bd4 37. Kf2 Rd8 38. d7 Kf8 39. Ke2 Bxe3 40. Kxe3 Ke7 41. Rc7 Rxd7 42. Rxc5 Ke6 43. Kxe4 Rd2 44. Kf3 f6 45. Ra5 Kf7 1/2-1/2

[Event "Elista Molozhay Memorial"]
[Site "Elista"]
[Date "2009.07.19"]
[Round "9"]
[White "Barsegian, Ararat"]
[Black "Erendzhenov, Stanislav"]
[Result "1/2-1/2"]
[WhiteElo "2195"]
[BlackElo "2285"]
[PlyCount "40"]
[EventDate "2009.07.14"]
[EventType "tourn"]
[EventRounds "9"]
[EventCountry "RUS"]
[EventCategory "3"]
[SourceTitle "EXT 2022"]
[Source "ChessBase"]
[SourceDate "2021.10.06"]
[SourceVersion "1"]
[SourceVersionDate "2021.10.06"]
[SourceQuality "1"]

1. e4 c5 2. Nf3 d6 3. d4 cxd4 4. Nxd4 Nf6 5. Nc3 g6 6. Be3 Bg7 7. f3 a6 8. Qd2 h5 9. Bc4 b5 10. Bb3 Bb7 11. 0-0-0 Nbd7 12. Bg5 Rc8 13. Rhe1 Rc5 14. h4 Nb6 15. Kb1 Qc7 16. f4 0-0 17. f5 b4 18. Nd5 Bxd5 19. exd5 Nc4 20. Qd3 Ne5 1/2-1/2

[Event "Elista Molozhay Memorial"]
[Site "Elista"]
[Date "2009.07.18"]
[Round "8"]
[White "Erendzhenov, Stanislav"]
[Black "Yushinov, Nikolay"]
[Result "1-0"]
[WhiteElo "2285"]
[BlackElo "2357"]
[PlyCount "77"]
[EventDate "2009.07.14"]
[EventType "tourn"]
[EventRounds "9"]
[EventCountry "RUS"]
[EventCategory "3"]
[SourceTitle "EXT 2022"]
[Source "ChessBase"]
[SourceDate "2021.10.06"]
[SourceVersion "1"]
[SourceVersionDate "2021.10.06"]
[SourceQuality "1"]

1. e4 c5 2. Nf3 Nc6 3. Nc3 g6 4. d4 cxd4 5. Nxd4 Bg7 6. Be3 a6 7. Qd2 e6 8. 0-0-0 Nge7 9. h4 d5 10. exd5 exd5 11. h5 0-0 12. hxg6 fxg6 13. Nf3 Qa5 14. Kb1 Bg4 15. Nxd5 Qxd5 16. Qxd5+ Nxd5 17. Rxd5 Rxf3 18. gxf3 Bxf3 19. Bc4 Bxd5 20. Bxd5+ Kh8 21. c3 Rd8 22. Be4 Kg8 23. Kc2 Rd7 24. a4 Ne5 25. b3 Ng4 26. Bb6 Nf6 27. Bf3 Nd5 28. Ba5 Nf4 29. c4 h5 30. Bd2 Bh6 31. b4 Kh7 32. Bc3 Bg7 33. Bd2 Bh6 34. a5 Nd3 35. Bxh6 Nxb4+ 36. Kb3 Nd3 37. Be3 Rf7 38. Be4 Ne5 39. Rxh5+ 1-0

[Event "Elista Molozhay Memorial"]
[Site "Elista"]
[Date "2009.07.16"]
[Round "4"]
[White "Erendzhenov, Stanislav"]
[Black "Soshnikov, Mikhail"]
[Result "1/2-1/2"]
[WhiteElo "2285"]
[BlackElo "2312"]
[PlyCount "42"]
[EventDate "2009.07.14"]
[EventType "tourn"]
[EventRounds "9"]
[EventCountry "RUS"]
[EventCategory "3"]
[SourceTitle "EXT 2022"]
[Source "ChessBase"]
[SourceDate "2021.10.06"]
[SourceVersion "1"]
[SourceVersionDate "2021.10.06"]
[SourceQuality "1"]

1. e4 e6 2. d4 d5 3. exd5 exd5 4. Bd3 Nc6 5. c3 Bd6 6. Nf3 Qe7+ 7. Be3 Bf4 8. Qe2 Bxe3 9. fxe3 Nf6 10. Nbd2 0-0 11. 0-0 Ne4 12. Bb5 Bd7 13. Bxc6 Bxc6 14. Ne5 Bd7 15. Nxd7 Qxd7 16. Nxe4 dxe4 17. Rf4 f5 18. Qc4+ Qf7 19. Qxf7+ Rxf7 20. g4 g6 21. gxf5 gxf5 1/2-1/2

[Event "Komsomolsky"]
[Site "Komsomolsky"]
[Date "2009.05.15"]
[Round "9"]
[White "Erendzhenov, Stanislav"]
[Black "Yushinov, Nikolay"]
[Result "1/2-1/2"]
[WhiteElo "2242"]
[BlackElo "2410"]
[PlyCount "42"]
[EventDate "2009.05.15"]
[EventType "tourn"]
[EventRounds "9"]
[EventCountry "RUS"]
[SourceTitle "EXT 2022"]
[Source "ChessBase"]
[SourceDate "2021.10.06"]
[SourceVersion "1"]
[SourceVersionDate "2021.10.06"]
[SourceQuality "1"]

1. d4 d5 2. c4 e5 3. dxe5 d4 4. Nf3 Nc6 5. g3 Bg4 6. Bg2 Bb4+ 7. Bd2 Bxd2+ 8. Nbxd2 Qd7 9. 0-0 Bh3 10. Nb3 Bxg2 11. Kxg2 0-0-0 12. Qd3 Nge7 13. Rfd1 Ng6 14. Nbxd4 Ncxe5 15. Qc3 Qg4 16. Nxe5 Nxe5 17. Nf3 Ng6 18. Rd4 Nh4+ 19. Kh1 Rxd4 20. Qxd4 Qxd4 21. Nxd4 Rd8 1/2-1/2

[Event "Komsomolsky"]
[Site "Komsomolsky"]
[Date "2009.05.15"]
[Round "8"]
[White "Musalov, Ruslan"]
[Black "Erendzhenov, Stanislav"]
[Result "0-1"]
[WhiteElo "2411"]
[BlackElo "2242"]
[PlyCount "34"]
[EventDate "2009.05.15"]
[EventType "tourn"]
[EventRounds "9"]
[EventCountry "RUS"]
[SourceTitle "EXT 2022"]
[Source "ChessBase"]
[SourceDate "2021.10.06"]
[SourceVersion "1"]
[SourceVersionDate "2021.10.06"]
[SourceQuality "1"]

1. e4 e5 2. Nf3 Nc6 3. Bc4 Nf6 4. Nc3 Nxe4 5. Nxe4 d5 6. Bxd5 Qxd5 7. d3 Bg4 8. h3 Bh5 9. Be3 Bb4+ 10. Bd2 Be7 11. a3 f5 12. Ng3 Bg6 13. Bc3 0-0-0 14. Qe2 Bf6 15. 0-0 h5 16. h4 e4 17. Bxf6 exf3 0-1

[Event "Elista-A"]
[Site "Elista"]
[Date "2009.01.06"]
[Round "6"]
[White "Grigoryan, Artur"]
[Black "Erendzhenov, Stanislav"]
[Result "1/2-1/2"]
[WhiteElo "2260"]
[BlackElo "2267"]
[PlyCount "24"]
[EventDate "2009.01.03"]
[EventType "tourn"]
[EventRounds "10"]
[EventCountry "RUS"]
[SourceTitle "EXT 2010"]
[Source "ChessBase"]
[SourceDate "2010.11.25"]
[SourceVersion "1"]
[SourceVersionDate "2010.11.25"]
[SourceQuality "1"]

1. e4 e6 2. d4 d5 3. exd5 exd5 4. Bd3 Bd6 5. Nf3 Ne7 6. 0-0 0-0 7. c3 Bf5 8. Qc2 Bxd3 9. Qxd3 Nbc6 10. Bg5 h6 11. Bh4 Qd7 12. Re1 Ng6 1/2-1/2

[Event "Elista-A"]
[Site "Elista"]
[Date "2009.01.05"]
[Round "4"]
[White "Erendzhenov, Stanislav"]
[Black "Borisov, Sergey"]
[Result "0-1"]
[WhiteElo "2267"]
[BlackElo "2112"]
[PlyCount "106"]
[EventDate "2009.01.03"]
[EventType "tourn"]
[EventRounds "10"]
[EventCountry "RUS"]
[SourceTitle "EXT 2010"]
[Source "ChessBase"]
[SourceDate "2010.11.25"]
[SourceVersion "1"]
[SourceVersionDate "2010.11.25"]
[SourceQuality "1"]

1. c4 Nf6 2. Nc3 e5 3. g3 Bb4 4. Bg2 0-0 5. Nf3 Nc6 6. 0-0 e4 7. Ng5 Bxc3 8. bxc3 Re8 9. Qc2 d5 10. cxd5 Qxd5 11. d3 Bf5 12. Bf4 h6 13. dxe4 Nxe4 14. Nxe4 Bxe4 15. Bxe4 Rxe4 16. f3 Rc4 17. Rac1 Nb4 18. Qb3 Qc5+ 19. Kh1 Nd5 20. Be5 b5 21. e4 Nb6 22. Bd4 Qc6 23. Qa3 Na4 24. Kg2 a5 25. Rfd1 b4 26. cxb4 axb4 27. Qe3 Nc3 28. Bxc3 Rxa2+ 29. Rd2 Rxc3 30. Rxa2 Rxc1 31. Qd3 Qc4 32. Ra8+ Kh7 33. Qxc4 Rxc4 34. Rb8 Rc2+ 35. Kh3 c5 36. e5 Kg6 37. g4 Rc3 38. Kg3 b3 39. h4 h5 40. Rb6+ Kh7 41. g5 c4 42. g6+ fxg6 43. Rb4 Kg8 44. Kf4 Kf7 45. Ke4 Rc2 46. Rb7+ Ke6 47. Rb6+ Kd7 48. Kd5 Kc7 49. Rb4 b2 50. e6 c3 51. e7 Re2 52. Rb3 Rxe7 53. Rxc3+ Kb8 0-1

[Event "Elista Chess City op 10th"]
[Site "Elista"]
[Date "2008.09.19"]
[Round "6"]
[White "Sarmutkin, Sergey"]
[Black "Erendzhenov, Stanislav"]
[Result "0-1"]
[WhiteElo "2045"]
[BlackElo "2316"]
[PlyCount "68"]
[EventDate "2008.09.16"]
[EventType "swiss"]
[EventRounds "9"]
[EventCountry "RUS"]
[SourceTitle "CBM 126 Extra"]
[Source "ChessBase"]
[SourceDate "2008.11.05"]
[SourceVersion "1"]
[SourceVersionDate "2008.11.05"]
[SourceQuality "1"]

1. d4 d5 2. c4 e6 3. Nc3 Nf6 4. Nf3 dxc4 5. Bg5 a6 6. e4 b5 7. e5 h6 8. Bh4 g5 9. Nxg5 hxg5 10. Bxg5 Nbd7 11. Qf3 Rb8 12. Ne4 Bb4+ 13. Ke2 Be7 14. exf6 Bf8 15. Rd1 Bb7 16. Qe3 Nb6 17. f4 Nd5 18. Qg3 Nb4 19. Nf2 Qd7 20. a3 Nd5 21. Ng4 c5 22. Ne5 Qc7 23. f5 exf5 24. Qf3 cxd4 25. Qxf5 d3+ 26. Kd2 c3+ 27. Ke1 d2+ 28. Bxd2 cxd2+ 29. Rxd2 Qc1+ 30. Ke2 Rd8 31. Nd3 Qc8 32. Qxc8 Rxc8 33. Kd1 Nxf6 34. Be2 Bh6 0-1

[Event "Elista Chess City op 10th"]
[Site "Elista"]
[Date "2008.09.17"]
[Round "2"]
[White "Shagbazyan, Tatevik"]
[Black "Erendzhenov, Stanislav"]
[Result "1-0"]
[WhiteElo "1902"]
[BlackElo "2316"]
[PlyCount "77"]
[EventDate "2008.09.16"]
[EventType "swiss"]
[EventRounds "9"]
[EventCountry "RUS"]
[SourceTitle "CBM 126 Extra"]
[Source "ChessBase"]
[SourceDate "2008.11.05"]
[SourceVersion "1"]
[SourceVersionDate "2008.11.05"]
[SourceQuality "1"]

1. e4 e6 2. d3 d5 3. Nd2 b6 4. Ngf3 Nf6 5. Be2 Bb7 6. e5 Nfd7 7. 0-0 c5 8. Re1 Be7 9. Bf1 Nc6 10. g3 Qc7 11. Qe2 g5 12. h3 h5 13. Nb3 g4 14. Nh2 Ncxe5 15. Bf4 Bd6 16. d4 Nc4 17. Bg5 a5 18. Bg2 Rg8 19. Bh4 a4 20. Nd2 Nxb2 21. hxg4 hxg4 22. Nxg4 cxd4 23. Bh3 Be7 24. Bxe7 Kxe7 25. Nh6 Rg6 26. Nxf7 Kxf7 27. Bxe6+ Kf8 28. Qh5 Kg7 29. Bf5 Nf8 30. Bxg6 Nxg6 31. Re6 Qxc2 32. Ne4 Qxe4 33. Rxe4 dxe4 34. Qb5 Rd8 35. Qxb2 Ne5 36. Qxb6 Rd7 37. Qe6 Nf3+ 38. Kg2 Rf7 39. Rh1 1-0